| 000 | 00658nam a2200217Ia 4500 | ||
|---|---|---|---|
| 005 | 20260704175957.0 | ||
| 008 | 260704s9999||||xx |||||||||||||| ||und|| | ||
| 020 |
_a9780241237199 _qhb |
||
| 082 |
_a006.3 _bTEG |
||
| 100 | _aTegmark, Max | ||
| 245 | 0 | _aLife 3.0 : being human in the age of artificial intelligence | |
| 260 |
_aUK _bAllen Lane an imprint of Penguin Books _c2017 |
||
| 300 | _axii, 364p. ; 24cm. | ||
| 653 | _aArtificial intelligence | ||
| 653 | _aFuture studies | ||
| 653 | _aHuman-computer interaction | ||
| 653 | _aInformation society | ||
| 653 | _aTechnological innovations | ||
| 653 | _aTechnological innovations | ||
| 942 | _cBK | ||
| 999 |
_c57348 _d57348 |
||